|
|
|
|
| LEADER |
00000cam a2200000 7i4500 |
| 001 |
0000000139 |
| 005 |
20151222.0 |
| 008 |
070629 |
| 020 |
|
|
|a 9830532801(set)
|
| 020 |
|
|
|a 9830532860
|
| 090 |
0 |
0 |
|a JF
|b PR MAL (306)
|
| 100 |
0 |
|
|a Abisha Naim
|
| 245 |
1 |
0 |
|a Nasib Si Orang Utan
|c Abisha Naim
|
| 260 |
|
|
|a Kuala Lumpur :
|b Pustaka Prinsip ,
|c 2005
|
| 440 |
|
|
|a Siri sivik dan kewarganegaraan
|
| 500 |
|
|
|a Children ages 7-9 years old (orange)
|
| 650 |
|
0 |
|a Children's stories
|x Malay fiction
|
| 999 |
|
|
|a 0000904102
|b Book
|c Children Collection
|e Cawangan Bandar Tenggara
|
| 999 |
|
|
|a 0000904103
|b Book
|c Children Collection
|e Cawangan Bandar Tenggara
|
| 999 |
|
|
|a 0000904105
|b Book
|c Children Collection
|e Cawangan Bandar Tenggara
|
| 999 |
|
|
|a 0000953946
|b Book
|c Children Collection
|e Perbadanan Perpustakaan Awam Johor
|
| 999 |
|
|
|a 0000953947
|b Book
|c Children Collection
|e Cawangan Taman Universiti
|
| 999 |
|
|
|a 0000953948
|b Book
|c Children Collection
|e Cawangan Taman Universiti
|
| 999 |
|
|
|a 0000953949
|b Book
|c Children Collection
|e Cawangan Taman Universiti
|
| 999 |
|
|
|a 0000953950
|b Book
|c Children Collection
|e Cawangan Bandar Penawar
|
| 999 |
|
|
|a 0001147532
|b Book
|c Children Collection
|e Cawangan Segamat
|